000 00313nam a22001337a 4500
008 170403b xxu||||| |||| 00| 0 eng d
020 _a0805832165
041 _aeng
080 _a574
100 _a9
101 _aSHM
245 _aTHEORETICAL FOUNDATIONS OF LEARNING ENVIROMENTS
_cJONASSEN.D.H
942 _2udc
_cBK
999 _c9480
_d9480